Etica nicomaquea

Saved in:
Bibliografiske detaljer
Hovedforfatter: Aristóteles, 384 a.C.- 322 a.C (Author)
Andre forfattere: Gómez Robledo, Antonio (traductor)
Format: Bog
Sprog:spansk
Udgivet: Ciudad de México Universidad Nacional Autónoma de Mexico 1983
Udgivelse:2a. ed
Serier:Bibliotheca Scriptorum Graecorum et Romanorum Mexicana
Fag:
Tags: Tilføj Tag
Ingen Tags, Vær først til at tagge denne postø!

MARC

LEADER 00000nam a2200000 a 4500
001 UCX0445
003 CL-VaPUC
005 20241127085250.0
008 891019e19830000MX |||||||||||||||||spa|d
999 |c 222047  |d 222045 
040 |c Pontificia Universidad Católica de Valparaíso 
082 0 4 |a 185  |b ARI  |2 21 
100 |a Aristóteles,  |d 384 a.C.- 322 a.C.  |e author  |9 194 
245 1 0 |a Etica nicomaquea 
250 |a 2a. ed 
260 |a Ciudad de México  |b Universidad Nacional Autónoma de Mexico  |c 1983 
300 |a 265 p 
490 0 |a Bibliotheca Scriptorum Graecorum et Romanorum Mexicana 
583 |a last modification  |c 19891019 00:00:00  |k Rodrigo Vera 
650 0 |a Filosofía  |9 255099  |x Etica  |x Moral 
700 1 |a Gómez Robledo, Antonio  |e traductor  |9 863950 
942 |c BK  |2 ddc 
945 |d 19891019 00:00:00 
952 |0 0  |1 0  |4 0  |6 185_000000000000000_ARI_1983  |7 0  |8 R  |9 216226  |a BIBEDU  |b BIBEDU  |c MCIRC  |d 2019-11-15  |i 2848252  |l 2  |o 185 ARI 1983  |p 2848252  |r 2024-05-13  |s 2024-05-09  |w 2019-11-15  |y BK_R  |k FIL